A-Z: words ending in U - Statistics

General Stats
  • This quiz has been taken 43 times
  • The average score is 15 of 26
Answer Stats
Initial letter Clue Word ending in U % Correct
F Common virus Flu
100%
M List of food available in a restaurant Menu
100%
E Also from Australia, a large flightless bird Emu
97%
B Another word from French, for a desk or a department Bureau
92%
Y Pronoun which is one of the top 20 commonest words in English You
92%
R Italian meat sauce Ragu
89%
T Archaic word for "you" Thou
89%
G A Hindu spiritual teacher Guru
86%
P Flat hilltop Plateau
86%
S Japanese number puzzle Sudoku
86%
H Japanese poem Haiku
81%
C Reindeer Caribou
78%
L From the French for "place", meaning in place of, instead Lieu
68%
N A Greek letter and useful Scrabble word Nu
65%
K Chinese martial art, usually spelled with a space Kungfu
49%
X Vietnamese coin worth one hundredth of a dong Xu
49%
I Improvised Impromptu
46%
Z Asian relative of the cow Zebu
41%
U Southern African philosophy of interconnectedness which has given its name to a version of Linux Ubuntu
35%
V Haitian religion, the word being related to the superstition of sticking pins into dolls to hurt real people Vodou
27%
J A Nigerian belief system and style of music Juju
22%
A Comment that makes an illuminating or entertaining point (from French, "noticed") Aperçu
19%
D Alternative spelling of a traditional Aboriginal musical instrument Didjeridu
14%
Q Ancient Andean device which used strings to record data Quipu
8%
O A decorative process for ornaments which originally applied a gold–mercury amalgam to bronze Ormolu
5%
W Chinese word for martial arts Wushu
5%
No matching quizzes found
Score Distribution
Percent of People with Each Score
Percentile by Number Answered
Your Score History
You have not taken this quiz